000 00540nam a2200181Ia 4500
005 20250508163403.0
008 008 250505s9999 xx 000 0 eng d
037 _aBooks to be hide in OPAC
040 _aFEDL
_beng
_cFEDL
041 _aeng
_2eng
084 _a370.9, KAR/O
_qFEDL
100 _aGowda A C Deve
_9763112
245 0 _aHistory of education in Hyderabad Karnatak (up to 1st November 1956)
300 _avi,112p.
700 _a Hunashal S M
_9775247
942 _cHB
_h370.9, KAR/O
999 _c1382747
_d1382747